000 00748nam a2200217 a 4500
001 85946
003 BD-RjUL
005 20251112153436.0
008 251112s1983 ii ||||| |||| 00| 0 ben d
035 _a(BD-RjUL)85946
040 _aBD-RjUL
_beng
_cBD-RjUL
041 _aben
082 _223
_a782.42162
_bRAL 1983
100 _aরায়, সুকুমার
_917316
245 _aলোকসঙ্গীত জিজ্ঞাসা /
_cসুকুমার রায়
260 _aকলিকাতা :
_bফার্মা কেএলএম প্রাইভেট লি:,
_c১৯৮৩
300 _a৯০ পৃ.;
_c২২ সেমি.
650 _aলোকসঙ্গীত
650 _aFolk music
942 _2ddc
_cBK
999 _c85946
_d85946